| 000 | 01519nam a2200385 i 4500 | ||
|---|---|---|---|
| 001 | 000024535 | ||
| 003 | DO-SdBNP | ||
| 005 | 20260211081825.0 | ||
| 007 | ta | ||
| 008 | 110830d1979 dr r 000 0 spa d | ||
| 040 |
_aDO-SdBNP _bspa _cBNPHU _erda |
||
| 041 | _aspa | ||
| 082 | 4 |
_a510 _bB142m 1979 _222 |
|
| 100 | 1 |
_aBaéz de Erazo, Melba _eautor _4aut. _937061 |
|
| 245 | 1 | 0 |
_aMatemática básica II / _cMelba Baéz de Erazo, Reyita Taveras de Frías. |
| 264 | 4 |
_aSanto Domingo, República Dominicana : _bUASD, _c©1979. |
|
| 300 |
_a195 páginas ; _c20 cm. |
||
| 336 |
_atexto _btxt _2rdacontent |
||
| 337 |
_asin mediació _bn _2rdamedia |
||
| 338 |
_avolumen _bnc _2rdacarrier |
||
| 490 | 1 |
_aCiencia y tecnología ; _v9 ; _v262 ; |
|
| 490 | 1 | _aPublicaciones de la Universidad Autónoma de Santo Domingo | |
| 504 | _aBibliografía: página 195 | ||
| 590 | _aInventariado, 2020/ YL | ||
| 650 | 0 |
_aMatemáticas _91258 |
|
| 650 | 4 |
_aMatemáticas _xProblemas, ejercícios, etc. _919473 |
|
| 650 | 4 |
_aTeoría de conjuntos _xProblemas, ejercicios, etc. _919474 |
|
| 650 | 4 |
_aLógica _xProblemas, ejercicios, etc. _936516 |
|
| 650 | 4 |
_aEcuaciones _xProblemas, ejercicio _950280 |
|
| 700 | 1 | 2 |
_aTaveras de Fría, Rayita _950281 _eautor _4aut. |
| 710 | 1 |
_aUniversidad Autónoma de Santo Domingo (UASD) _984760 |
|
| 830 | 0 |
_aColección Ciencia y tecnología _n9 _pPublicaciones de la Universidad Autónoma de Santo Domingo _v262 _988997 |
|
| 910 | _aYLockward/ Validado. Control de calidad/MAA | ||
| 942 |
_2ddc _cLBS1 |
||
| 999 |
_c48828 _d48828 |
||